000 00864nam a2200217Ii 4500
003 JO-AjNU
008 230605s9999||||xx |||||||||||||| ||und||
017 _a94/2996
040 _aJO-AjNU
_bara
_erda
_cJO-AjNU
041 _aara
050 1 4 _aKRM500.S26.1994
100 3 _aتأليف السنهوري، عبد الرزاق بن أحمد,
_eauthor
_944923
245 0 0 _a  الوسيط في شرح القانون المدني الجديد : فى التأمينات الشخصية والعينية
250 _aالطبعة الثانية
264 3 1 _aالقاهرة: دار النهضة العربية،1994
300 _aج10، 1216ص
336 _atext
_btxt
_2rdacontent
337 _aunmediated
_bn
_2rdamedia
338 _avolume
_bnc
_2rdacarrier
650 4 _a القانون المدني -- مصر -- قوانين وتشريعات -- مصر
_944924
999 _aA19434
_c23002
_d23002